000 00618nam a22002177a 4500
003 OSt
005 20210419073844.0
008 210304s1967 ||||| |||| 00| 0 eng d
040 _aeng
_beng
_cDLC
041 _aeng
080 _a821.111
_bT-98
100 _91032
_aTwain, Mark
245 _aLetters from the Earth
_c/ by: A Fawcett Crest Book
260 _aNew York
_bA Fawcett Crest Book
_c1967
300 _a239 p.
365 _b0.75 usd
650 0 _9254
_aEnglish literature
653 _aინგლისური ლიტერატურა
700 _91252
_aDevoto, Bernard
_eEditor
942 _2udc
_cBK
999 _c1932
_d1932